00820nam a22002177a 450000500170000001000150001702000260003203500130005803700130007108200110008410000230009524500840011826000330020227001040023530000250033950000500036470000220041494200250043699900170046195201240047820140728113607.0 aENG-110008 c995.00a9788183762694 aEN-93541 bDBAD/PUB a361.32 aKrishna Kant Singh00aAn introduction to social work /cby Krishna Kant Singh [and] Ram Shankar Singh aJaipurbABD Publishersc2011 aBony Residency Gate NO-2 opp Tilak Public School,Vishveshria Nagar,Gopalpura Road bJaipure302018 avi,296p. c22cm(Hb) aIncludes bibliographical references and index aRam Shankar Singh 2ddccENmKRIh361.32 c84262d84262 001040718NFICaDBADbDBADd2014-05-15eDBAD/PUBg995.00l0o361.32 KRIpEN-93541r2014-05-15 00:00:00t1v995.00yEN